000 01141nam a2200313 i 4500
001 13402
003 KOSZ 005
005 20200528081138.0
008 080724s1959 pl a f f 000 0 pol
015 _aPB 1959/1413
040 _aWA N
_cWA N
_dKOSZ 005/RW
080 _a666:691
100 1 _aPruziński, Zbigniew
_eAutor
245 1 0 _aBeton i żelbet żaroodporny na cemencie portlandzkim /
_cZbigniew Pruziński.
260 _aWarszawa :
_b"Arkady",
_c1959.
300 _a223, [1] strony :
_bilustracje, errata ;
_c21 cm.
336 _aTekst
_btxt
_2rdacontent
337 _aBez urządzenia pośredniczącego
_bn
_2rdamedia
338 _aWolumin
_bnc
_2rdacarrier
380 _aKsiążki.
504 _aBibliografia na stronach 218-[224].
521 8 _aDla techników i inżynierów. Również dla studentów wydz. inż.-budowl. politechnik.
658 _aArchitektura i budownictwo
650 4 _aBeton
650 4 _aŻelbet
710 2 _aWydawnictwo Arkady
_4pbl.
856 _uhttp://koha.tu.koszalin.pl/cgi-bin/koha/opac-detail.pl?biblionumber=13402
_yKatalog online BPK
942 _2UKD
_cKS
999 _c13402
_d13402